000 00565nam a2200265Ia 4500
005 20260401122119.0
008 008 250103s9999 xx 000 0 eng d
037 _aTB
040 _aEDL
040 _beng
040 _cEDL
041 _2eng
041 _aeng
084 _a750.920904 LEE
084 _qEDL
245 0 _aLetters of Vincent Van Gogh
260 _aLondon
260 _bPenguin Books
260 _c1997
300 _a528p
942 _cTB
942 _h750.920904 LEE
999 _c1844996
_d1844996